Noms de stations de Métro Lyonnais - Mort subite - Statistiques

Statistiques générales
  • Ce quiz a été pris 654 fois
  • Le résultat moyen est 14 sur 20
Answers on the Grid
Answers color-coded by a green-red scale on the quiz's grid according to % correct below.
Berges du Rhône
Place des Canuts
Cité des tisseurs
Paul Bocuse
Haute-Sâone
Belgique - Anvers
Boulevard de Gerland
Moulin d'Oullins
Val d'Isère
Marseille - Gare
Champingy
Tête d'argent
Zoo Royal
Payon Mauré
Matmut Stadium
La Demi-Lune
Bois Vert
Ile-en-Mer
Place Broglie
La Concurrence
Masséna
Cuire
Croix-Rousse
Charpennes - Charles Hernu
Valmy
Sans Souci
Grange Blanche
Saxe - Gambetta
Gratte-Ciel
Vaulx-en-Velin - La Soie
Gorge de Loup
Parilly
Bellecour
Perrache
Saint-Genis Laval - Hôpitaux Sud
Part-Dieu
Guillotière - Gabriel Péri
Monplaisir - Lumière
Gare de Vaise
Debourg
 
Statistiques - réponses
Réponse % Correct
Part-Dieu
83%
Bellecour
81%
Perrache
81%
Saxe - Gambetta
78%
Vaulx-en-Velin - La Soie
76%
Croix-Rousse
75%
Gare de Vaise
75%
Guillotière - Gabriel Péri
74%
Gorge de Loup
71%
Charpennes - Charles Hernu
70%
Grange Blanche
70%
Masséna
70%
Sans Souci
69%
Monplaisir - Lumière
68%
Saint-Genis Laval - Hôpitaux Sud
67%
Gratte-Ciel
66%
Cuire
64%
Debourg
63%
Valmy
62%
Parilly
60%
Aucun quiz correspondant
Distribution des résultats
% des personnes avec chaque résultat
Percentile par nombre de réponses
Votre historique - résultats
Vous n’avez pas pris ce quiz